<?xml version="1.0" encoding="UTF-8"?><?xml-stylesheet type="text/xsl" href="static/style.xsl"?><OAI-PMH xmlns="http://www.openarchives.org/OAI/2.0/" xmlns:xsi="http://www.w3.org/2001/XMLSchema-instance" xsi:schemaLocation="http://www.openarchives.org/OAI/2.0/ http://www.openarchives.org/OAI/2.0/OAI-PMH.xsd"><responseDate>2026-04-17T02:43:02Z</responseDate><request verb="GetRecord" identifier="oai:www.recercat.cat:2072/386689" metadataPrefix="marc">https://recercat.cat/oai/request</request><GetRecord><record><header><identifier>oai:recercat.cat:2072/386689</identifier><datestamp>2026-03-30T23:45:51Z</datestamp><setSpec>com_2072_98</setSpec><setSpec>col_2072_378192</setSpec></header><metadata><record xmlns="http://www.loc.gov/MARC21/slim" xmlns:dcterms="http://purl.org/dc/terms/" xmlns:xsi="http://www.w3.org/2001/XMLSchema-instance" xmlns:doc="http://www.lyncode.com/xoai" xsi:schemaLocation="http://www.loc.gov/MARC21/slim http://www.loc.gov/standards/marcxml/schema/MARC21slim.xsd">
   <leader>00925njm 22002777a 4500</leader>
   <datafield ind2=" " ind1=" " tag="042">
      <subfield code="a">dc</subfield>
   </datafield>
   <datafield ind2=" " ind1=" " tag="720">
      <subfield code="a">Ribes, Jordi</subfield>
      <subfield code="e">author</subfield>
   </datafield>
   <datafield ind2=" " ind1=" " tag="720">
      <subfield code="a">Vela, José Miguel</subfield>
      <subfield code="e">author</subfield>
   </datafield>
   <datafield ind2=" " ind1=" " tag="260">
      <subfield code="c">1988</subfield>
   </datafield>
   <datafield ind2=" " ind1=" " tag="520">
      <subfield code="a">A new species, Eurydema (Eurydema) ferreri (Heteroptera, Pentatomidae), is described from the Serrania de Ronda, southern Spain; likewise the host plant and ecological data are included. E. ferreri n. sp. is a closely related species to E. nana de la Fuente within the E. oleraceum group. Furthermore E. oleraceum (L.), E. lineola lineola (Ba.), E. lineolrt'nevadensis Lg. and E. wnsobrina (Pt.) are argued to be synonymous. An identification key for the Iberian species of the subgenus Eurydema (Eurydema) is provided.</subfield>
   </datafield>
   <datafield ind2=" " ind1=" " tag="520">
      <subfield code="a">Se describe un heteróptero de la familia Pentatomidae, Eurydema (Eurydema) ferreri n. sp., procedente de la Serrania de Ronda (Málaga), aportándose datos ecológicos al respecto. Esta nueva especie está estrechamente relacionada con Eurydema nana de la Fuente, de Sierra Nevada (Granada), del grupo de Eurydema oleraceum (L.). De dicho grupo se estudian E. oleraceum (L.), E. lineola lineola (Ba), E. lineola nevadensis Lg. y E. consobrina (Pt.), estableciéndose la sinonimia de las mismas. Finalrnente, se dan unas claves de separación de las especies ibéricas del subgénero Eurydema.</subfield>
   </datafield>
   <datafield tag="653" ind2=" " ind1=" ">
      <subfield code="a">Eurydema ferreri n. sp</subfield>
   </datafield>
   <datafield tag="653" ind2=" " ind1=" ">
      <subfield code="a">Heteroptera</subfield>
   </datafield>
   <datafield tag="653" ind2=" " ind1=" ">
      <subfield code="a">Keys Iberian species subg. Eurydema</subfield>
   </datafield>
   <datafield tag="653" ind2=" " ind1=" ">
      <subfield code="a">Pentatomidae</subfield>
   </datafield>
   <datafield ind2="0" ind1="0" tag="245">
      <subfield code="a">Un nuevo Eurydema Lp. ibérico (Heteroptera, Pentatomidae)</subfield>
   </datafield>
</record></metadata></record></GetRecord></OAI-PMH>